Cities with Google Maps Immersive View - Statistics

General Stats
  • This quiz has been taken 39 times
  • The average score is 51 of 63
Answer Stats
Country City % Correct
Australia Sydney
97%
Argentina Buenos Aires
94%
Australia Melbourne
94%
France Paris
94%
Brazil Rio de Janeiro
94%
Chile Santiago
94%
Brazil Sao Paulo
94%
Canada Toronto
94%
Belgium Brussels
91%
Canada Montreal
91%
Canada Vancouver
91%
Austria Vienna
91%
Netherlands Amsterdam
88%
Germany Berlin
88%
Brazil Brasilia
88%
Portugal Lisbon
88%
Mexico Mexico City
88%
United States New York City
88%
Norway Oslo
88%
Italy Rome
88%
Singapore Singapore
88%
Japan Tokyo
88%
Vatican City Vatican City
88%
Poland Warsaw
88%
Greece Athens
84%
China Hong Kong
84%
Japan Osaka
84%
Portugal Porto
84%
Czechia Prague
84%
Italy Venice
84%
Spain Barcelona
81%
Romania Bucharest
81%
Hungary Budapest
81%
United States Chicago
81%
South Africa Johannesburg
81%
United Kingdom London
81%
Spain Madrid
81%
United States Miami
81%
Italy Milan
81%
United States Seattle
81%
Sweden Stockholm
81%
United States Boston
78%
South Africa Cape Town
78%
Germany Frankfurt
78%
Mexico Guadalajara
78%
United States Los Angeles
78%
Germany Munich
78%
Taiwan Taipei
78%
Switzerland Zurich
78%
United Kingdom Edinburgh
75%
United States Houston
75%
Japan Kyoto
75%
France Nice
75%
Italy Florence
72%
United States San Francisco
72%
Germany Cologne
69%
United States Las Vegas
69%
United States Detroit
66%
United States Philadelphia
66%
United States Atlanta
63%
Japan Nagoya
63%
United States San Diego
59%
Taiwan Taichung
31%
No matching quizzes found
Score Distribution
Percent of People with Each Score
Percentile by Number Answered
Your Score History
You have not taken this quiz